| 000 | 04161cam a22011414i 4500 | ||
|---|---|---|---|
| 003 | PE-LiUPU | ||
| 005 | 20250813185501.0 | ||
| 008 | 150625s1951 sp a r 000 0 spa d | ||
| 035 | _a(Sirsi) a31759 | ||
| 040 |
_aPE-LiUPU _bspa _cPE-LiUPU _dPE-LiUPU _erda |
||
| 082 | 0 | 4 |
_a392.3 _bG76 _221 |
| 100 | 1 |
_aGoust, F., _eautor. |
|
| 245 | 1 | 0 |
_aTu Cuerpo y Tu Salud / _cF. Goust; Traducción Ernesto Mascaró. Revisión y adaptación Dr. José Luis Portillo García. |
| 264 | 1 |
_aMadrid : _bDaimon, _c1951. |
|
| 300 |
_a503 páginas : _bilustraciones ; _c22 centímetros |
||
| 336 |
_atext _2rdacontent |
||
| 337 |
_aunmediated _2rdamedia |
||
| 338 |
_avolume _2rdacarrier |
||
| 505 | 0 | _aLa moral sexual a través de la historia -- El problema sexual en los pueblos primitivos -- La vida sexual en la civilizaciones -- La moral sexual en el antiguo testamento -- La valoración de lo sexual en la antigüedad cristiana y en la edad media -- La ética sexual en los tiempos modernos -- El instinto sexual en el individuo -- Constitución, desarrollo y funciones del sistema genital -- Cuidados que se requieren los órganos sexuales -- El punto de vista médico sobre la abstinencia sexual -- Anomalías del instinto sexual -- Sexo y vida espiritual -- Sexo, eros ,amor -- La vida sexual del hombre bajo el dominio del espíritu -- Lo sexual y el desnudo en la naturaleza y el arte -- Valoración ética de lo sexual -- El celibato voluntario -- La vida sexual en la sociedad -- Fecundación ,herencia, determinación sexual ,unión matrimonial -- Higiene de las relaciones sexuales, esterilización e impotencia -- Embarazo, aborto, parto sin dolor -- Procedimientos anticoncepcionales -- La regulación de nacimientos por el método de la continencia periódica -- Enfermedades venéreas -- Monogamia divorcio, amor libre, prostitución -- Los problemas religiosos, morales y sociales de la vida sexual -- Esencia de la comunidad conyugal -- Preparación al matrimonio -- Aspectos jurídicos del matrimonio -- Los problemas morales de la vida sexual -- Los problemas sexuales y la educación -- Superación de la crisis sexual. | |
| 526 | _aP202 | ||
| 526 | _aP201 | ||
| 526 | _aP163 | ||
| 526 | _aP162 | ||
| 526 | _aP161 | ||
| 526 | _aP160 | ||
| 526 | _aP148 | ||
| 526 | _aP147 | ||
| 526 | _aP146 | ||
| 526 | _aP145 | ||
| 526 | _aP144 | ||
| 526 | _aP143 | ||
| 526 | _aP142 | ||
| 526 | _aP141 | ||
| 526 | _aP140 | ||
| 526 | _aP139 | ||
| 526 | _aP138 | ||
| 526 | _aP137 | ||
| 526 | _aP136 | ||
| 526 | _aP135 | ||
| 526 | _aP134 | ||
| 526 | _aP133 | ||
| 526 | _aP129 | ||
| 526 | _aP128 | ||
| 526 | _aP127 | ||
| 526 | _aP120 | ||
| 526 | _aP119 | ||
| 526 | _aP118 | ||
| 526 | _aP116 | ||
| 526 | _aP115 | ||
| 526 | _aP114 | ||
| 526 | _aP110 | ||
| 526 | _aP109 | ||
| 526 | _aP108 | ||
| 526 | _aP104 | ||
| 526 | _aP103 | ||
| 526 | _aP102 | ||
| 526 | _aP99 | ||
| 526 | _aP98 | ||
| 526 | _aP97 | ||
| 526 | _aP96 | ||
| 526 | _aP95 | ||
| 526 | _aP93 | ||
| 526 | _aP90 | ||
| 526 | _aP89 | ||
| 526 | _aP88 | ||
| 526 | _aP83 | ||
| 526 | _aP82 | ||
| 526 | _aP62 | ||
| 526 | _aP59 | ||
| 526 | _aP58 | ||
| 526 | _aP57 | ||
| 526 | _aP51 | ||
| 526 | _aP49 | ||
| 526 | _aP48 | ||
| 526 | _aP47 | ||
| 526 | _aP29 | ||
| 526 | _aP24 | ||
| 526 | _aP20 | ||
| 526 | _aP19 | ||
| 526 | _aP17 | ||
| 526 | _aP15 | ||
| 526 | _aP14 | ||
| 526 | _aP12 | ||
| 526 | _aP10 | ||
| 526 | _aP09 | ||
| 526 | _aP08 | ||
| 526 | _aP07 | ||
| 526 | _aP06 | ||
| 526 | _aP05 | ||
| 526 | _aP04 | ||
| 526 | _aP01 | ||
| 650 | 0 | 4 |
_aMedicina _vObras de divulgación. |
| 942 |
_2ddc _cBOOK |
||
| 949 |
_a392.3 G76 _wDEWEY _c1 _i08947 _lCCODEBUL1 _mBUL _p16.00 _r0 _sY _tBOOK _u2015-06-25 _xBIBLIOTECA _zUNKNOWN _0COMPRA _o.STAFF. Colección Ciencias Humanas y Educación |
||
| 596 | _a1 | ||
| 999 |
_a392.3 G76 _wDEWEY _c39342 _i08947 _d39342 _e2019-7-11 _f2021-11-8 _g5 _lCCODEBUL1 _mBUL _n2 _p16.00 _r1 _sY _tBOOK _u2015-6-25 _xEDUCACION _zUNKNOWN _0COMPRA _o.STAFF. Colección Ciencias Humanas y Educación |
||
| 980 |
_81 _gALBERTO SANCHEZ Responsable de Automatización |
||